000
00338nam a22001457a 4500
003
OSt
008
220609b ||||| |||| 00| 0 eng d
020
_a
978-8131724651
100
_a
WOLF, Wayne
245
_a
FPGA-Based System Design
260
_a
New Delhi
_b
Pearson
_c
2005
300
_a
544
650
_a
B.Tech(CSE)
942
_2
ddc
_c
BK
999
_c
11290
_d
11290